Statistics for NBA Champions Coaches 1980-2023

Click here to take the quiz!

General Stats

  • This quiz has been taken 196 times
    (66 since last reset)
  • The average score is 36 of 44

Answer Stats

YearChampionCoach% Correct
2014San Antonio SpursGregg Popovich
100%
2007San Antonio SpursGregg Popovich
100%
2005San Antonio SpursGregg Popovich
100%
2003San Antonio SpursGregg Popovich
100%
1999San Antonio SpursGregg Popovich
100%
1993Chicago BullsPhil Jackson
98%
2001Los Angeles LakersPhil Jackson
98%
2000Los Angeles LakersPhil Jackson
98%
1998Chicago BullsPhil Jackson
98%
1997Chicago BullsPhil Jackson
98%
1996Chicago BullsPhil Jackson
98%
2010Los Angeles LakersPhil Jackson
98%
2002Los Angeles LakersPhil Jackson
98%
1992Chicago BullsPhil Jackson
98%
2009Los Angeles LakersPhil Jackson
98%
1991Chicago BullsPhil Jackson
98%
2017Golden State WarriorsSteve Kerr
97%
2018Golden State WarriorsSteve Kerr
97%
2015Golden State WarriorsSteve Kerr
97%
2022Golden State WarriorsSteve Kerr
97%
2013Miami HeatErik Spoelstra
88%
2012Miami HeatErik Spoelstra
88%
1988Los Angeles LakersPat Riley
88%
1987Los Angeles LakersPat Riley
88%
2006Miami HeatPat Riley
88%
1982Los Angeles LakersPat Riley
88%
1985Los Angeles LakersPat Riley
88%
2019Toronto RaptorsNick Nurse
83%
2016Cleveland CavaliersTyronn Lue
83%
2008Boston CelticsDoc Rivers
81%
2023Denver NuggetsMichael Malone
78%
2021Milwaukee BucksMike Budenholzer
66%
1989Detroit PistonsChuck Daly
64%
1990Detroit PistonsChuck Daly
64%
2004Detroit PistonsLarry Brown
61%
1995Houston RocketsRudy Tomjanovich
61%
1994Houston RocketsRudy Tomjanovich
61%
2011Dallas MavericksRick Carlisle
58%
2020Los Angeles LakersFrank Vogel
56%
1986Boston CelticsK. C. Jones
49%
1984Boston CelticsK. C. Jones
49%
1980Los Angeles LakersPaul Westhead
39%
1983Philadelphia 76ersBilly Cunningham
37%
1981Boston CelticsBill Fitch
20%

Score Distribution

Percentile by Number Answered

Percent of People with Each Score

Your Score History

You have not taken this quiz since the last reset